| 000 | 00660nam a2200265Ia 4500 | ||
|---|---|---|---|
| 008 | 210210b2006 xxu||||| |||| 00| 0 eng d | ||
| 020 | _a8122403212 | ||
| 041 | _aeng | ||
| 082 | _a530.41 VERC | ||
| 100 | _aVERMA (A R) | ||
| 245 | _aCrystallography applied to solid state physics. Ed.2. | ||
| 250 | _a | ||
| 260 |
_aNew Delhi _bNew Age International (P) Limited Publishers _c2006 |
||
| 300 | _axv,464 | ||
| 650 | _ato | ||
| 650 | _astate | ||
| 650 | _asolid | ||
| 650 | _aphysics. | ||
| 650 | _aEd.2. | ||
| 650 | _aCrystallography | ||
| 650 | _aapplied | ||
| 690 | _aSolid State Physics | ||
| 700 | _aSRIVASTAVA (O N). | ||
| 906 | _a061890 | ||
| 999 |
_c115896 _d115896 |
||